| 000 | 00480nam a22001457a 4500 | ||
|---|---|---|---|
| 008 | 220407b |||||||| |||| 00| 0 eng d | ||
| 020 | _a0415171164. | ||
| 050 | _aP106.L886 2000 | ||
| 100 |
_aLycan,William G _951286 |
||
| 245 |
_aPhilosophy of language: _ba contemporary introduction _cWilliam D.Lycan |
||
| 260 |
_aLondaon: _bRoutledge Taylor and Francis Group, _c2000. |
||
| 300 |
_axi, _b238p.; _c23cm, |
||
| 650 |
_aLanguage and languages _xPhilosophy |
||
| 942 |
_2lcc _cMONOGRAPH |
||
| 999 |
_c131284 _d131284 |
||